| 000 | 00644nam a22002052 4500 | ||
|---|---|---|---|
| 001 | 0000012855 | ||
| 005 | 20151217155853.0 | ||
| 008 | 090324s xx 000 0 eng d | ||
| 040 |
_aKABU _cKABU |
||
| 100 | 1 |
_aShorter, Aylward. _@0000148527 |
|
| 245 | 1 | 0 |
_aNyungu - ya - Mawe : _bleadership in nineteenth century Tanzania / _cAylward Shorter. |
| 250 | _a1st ed. | ||
| 260 |
_aNairobi : _bE. A. P. H., _c1969. |
||
| 300 | _a29 p. | ||
| 600 | 1 | 0 |
_aNyungu-ya-Mawe, _dd. 1884. _@0000169814 |
| 651 | 0 |
_aTanzania _xHistory. _@0000148641 |
|
| 852 | 1 | _9p100 KES | |
| 908 | _a090324 | ||
| 950 | _@1 | ||
| 999 |
_c13530 _d13530 |
||